پر و فيسر منا ظر عا شق ہر گا نو ی سے گفتگو (Record no. 175867)

MARC details
000 -LEADER
fixed length control field 00725nam a22001937a 4500
005 - DATE AND TIME OF LATEST TRANSACTION
control field 20201008123822.0
010 ## - LCCN (DPL NO)
LC control number UR-10883
020 ## - INTERNATIONAL STANDARD BOOK NUMBER
Terms of availability 75.00
International Standard Book Number 9789390100552
035 ## - SYSTEM CONTROL NUMBER
System control number U-9438
037 ## - SOURCE OF ACQUISITION
Source of stock number/acquisition DBAD/PUB
082 ## - DEWEY DECIMAL CLASSIFICATION NUMBER
Classification number 650.114
100 ## - MAIN ENTRY--PERSONAL NAME
Personal name ا نو ر آ فا قی
245 ## - TITLE STATEMENT
Title پر و فيسر منا ظر عا شق ہر گا نو ی سے گفتگو
Statement of responsibility, etc ا نو ر آ فا قی
246 ## - VARYING FORM OF TITLE
Remainder of title Prof. Manazir Ashiq Harganvi Se Guftugu (Urdu)
Title proper/short title by Anwar Afaqui
260 ## - PUBLICATION, DISTRIBUTION, ETC. (IMPRINT)
Place of publication, distribution, etc N.Delhi
Name of publisher, distributor, etc Educational Publishing House
Date of publication, distribution, etc 2020 ء
270 ## - ADDRESS
Address H.O.D1/16,Ansari Road,Darya ganj,
City N.Delhi
Postal code 110002
Telephone number 45678285,23216162
Fax number 0091-11-23211540
300 ## - PHYSICAL DESCRIPTION
Extent 64 ص
Dimensions 22 Cm(Hb)
942 ## - ADDED ENTRY ELEMENTS (KOHA)
Source of classification or shelving scheme Dewey Decimal Classification
Item type Urdu Bks
Classification part 650.114
Call number suffix ا ن و
Holdings
Withdrawn status Lost status Not for loan Collection code Home library Current library Date acquired Source of acquisition Cost, normal purchase price Full call number Barcode Copy number Cost, replacement price Koha item type
      Non-fiction D.B.Act.Division D.B.Act.Division 08/10/2020 DBAD/PUB 75.00 650.114 ا ن و U-9438 1 75.00 Urdu Bks

© Delhi Public Library
Hit Counter
free hit counter